Hypotekárne úvery ako zdroj financovania investícií diplomová práca

Salvato in:
Dettagli Bibliografici
Autore principale: Mazák, Michal
Ente Autore: Národohospodárska fakulta EU. Katedra hospodárskej politiky
Altri autori: Mikulec, Vladimír
Natura: Libro
Lingua:slovacco
Pubblicazione: Bratislava 2009
Tags: Aggiungi Tag
Nessun Tag, puoi essere il primo ad aggiungerne!!

MARC

LEADER 00000nam$a2200000$$$4500
001 0095807
005 20230713093110.8
041 0 |a slo 
044 |a SK 
245 1 0 |a Hypotekárne úvery ako zdroj financovania investícií  |b diplomová práca  |c Michal Mazák ; škol. Vladimír Mikulec 
264 1 |a Bratislava  |c 2009 
300 |a 72 s. 
100 1 |a Mazák, Michal 
700 1 |a Mikulec, Vladimír 
710 2 |a Národohospodárska fakulta EU. Katedra hospodárskej politiky